Battling for Market Share (Record no. 819947)

MARC details
000 -LEADER
fixed length control field 00246pam a2200109 a 4500
020 ## - INTERNATIONAL STANDARD BOOK NUMBER
Terms of availability
041 ## - LANGUAGE CODE
Language code of original
100 ## - MAIN ENTRY--PERSONAL NAME
Personal name CII
Relator term author
245 ## - TITLE STATEMENT
Title Battling for Market Share
Medium Textual Document
260 ## - PUBLICATION, DISTRIBUTION, ETC.
Name of publisher, distributor, etc. Confederation of India -
Date of publication, distribution, etc. 2004
930 ## - EQUIVALENCE OR CROSS-REFERENCE-UNIFORM TITLE HEADING [LOCAL, CANADA]
Uniform title 733
Holdings
Withdrawn status Lost status Damaged status Not for loan Collection Home library Current library Date acquired Source of acquisition Total Checkouts Full call number Barcode Date last seen Copy number Price effective from Koha item type Cost, normal purchase price
          Institute of Management & Research, New Delhi Institute of Management & Research, New Delhi 25/08/2004 Other   IMD-26CB0000057 17/08/2023 2 17/08/2023 Book  
          Institute of Management & Research, New Delhi Institute of Management & Research, New Delhi 25/08/2004 Other   IMD-26CB0000056 17/08/2023 1 17/08/2023 Book 2000.00